| 000 | 01211cam a2200301 i 4500 | ||
|---|---|---|---|
| 999 |
_c200453604 _d71816 |
||
| 003 | TR-AnTOB | ||
| 005 | 20230717202407.0 | ||
| 007 | ta | ||
| 008 | 180504s2016 tu ahb 000 0 tur d | ||
| 020 | _a9786051375199 | ||
| 040 |
_aSTF _beng _erda _cSTF _dOCLCO _dOCL _dDLC _dTR-AnTOB |
||
| 041 | 0 | _atur | |
| 050 | 0 | 0 |
_aHE873.4 _b.O863 2016 |
| 090 |
_aHE873.4 _b.O863 2016 |
||
| 245 | 0 | 0 |
_aOsmanlı belgelerinde Çanakkale deniz ticareti : _bgeçmişe yolculuk / _chazırlayan: Ersin Kırca. |
| 246 | 3 | 4 |
_aOsmanlı belgelerinde Çanakkale deniz ticareti : _bgeçmişe yolculuk : fermanlar-yazışmalar-olaylar. |
| 264 | 1 |
_aÇanakkale : _bT.C. Çanakkale Ticaret ve Sanayi Odası, _c2016. |
|
| 300 |
_a301 pages : _bfacsimiles, illustrations, maps ; _c30 cm |
||
| 336 |
_atext _btxt _2rdacontent |
||
| 337 |
_aunmediated _bn _2rdamedia |
||
| 338 |
_avolume _bnc _2rdacarrier |
||
| 650 | 7 |
_aShipping _zTurkey _xHistory _y20. yüzyıl _vKaynaklar _2etuturkob _918141 |
|
| 650 | 7 |
_aDeniz ticareti _zTürkiye _xTarih _vKaynaklar _2etuturkob _960320 |
|
| 651 | 7 |
_aGelibolu yarımadası (Türkiye) _xTarih _vKaynaklar _2etuturkob _9119788 |
|
| 700 | 1 |
_aKırca, Ersin _eeditor _9106596 |
|
| 942 |
_2lcc _cBK |
||